• 首页
  • 本馆介绍
  • 公告通知
  • 最新文献
  • 馆藏检索
  • 电子资源
  • 读者导购
  • 参考咨询
  • 我的图书馆
  • 登录
  • 详细信息显示
  • 放入我的书架
  • 预约/预借图书
  • 作者相关作品
  • 分类相关作品
  • 丛书相关作品
  • 出版社相关作品

书目信息

  • 表格格式
  • 工作单格式
  • 卡片格式
题名:
道德情操论
    
 
作者: 斯密 著 ;韩巍 译
分册:  
出版信息: 北京   金城出版社有限公司  2020.8
页数: 238页
开本: 22cm
丛书名: 西方哲理译丛
单 册:
中图分类: B82-095.61
科图分类:
主题词: 伦理学--lun li xue--思想史--英国
电子资源:
ISBN: 978-7-5155-1942-5
000 01035oam2 2200289 450
001 2159536082
005 20211018160306.0
010    @a978-7-5155-1942-5@b精装@dCNY38.00
100    @a20201123d2020 em y0chiy0120 ea
101 1  @achi@ceng
102    @aCN@b110000
105    @ay z 000yy
106    @ar
200 1  @a道德情操论@Adao de qing cao lun@f(英)亚当·斯密(Adam Smith)著@g韩巍译
210    @a北京@c金城出版社有限公司@d2020.8
215    @a238页@d22cm
225 2  @a西方哲理译丛@Axi fang zhe li yi cong@vNo.25
312    @a书名原文:The theory of moral sentiments
330    @a本书不仅从伦理道德的角度,而且从哲学、法学、心理学和经济学的角度,对资本主义社会生产关系的各个方面作了探讨。
461  0 @12001 @a西方哲理译丛
510 1  @aThe theory of moral sentiments@zeng
606 0  @a伦理学@Alun li xue@x思想史@y英国
690    @aB82-095.61@v5
701  0 @c(英)@a斯密@Asi mi@c(Adam Smith@f1723-1790)@4著
702  0 @a韩巍@Ahan wei@4译
801  0 @aCN@b百万庄@c20211018
905    @b1305634-37@dB82-095.61@e1882@f4
    
    道德情操论/(英)亚当·斯密(Adam Smith)著/韩巍译.-北京:金城出版社有限公司,2020.8
    238页;22cm.-(西方哲理译丛;No.25)
    
    
    ISBN 978-7-5155-1942-5(精装):CNY38.00
    本书不仅从伦理道德的角度,而且从哲学、法学、心理学和经济学的角度,对资本主义社会生产关系的各个方面作了探讨。
●
相关链接 在E读中查询图书 在五车中查询图书 在当当中查询图书 在豆瓣中查询图书


正题名:道德情操论     索取号:B82-095.61/1882         预约/预借

序号 登录号 条形码 馆藏地/架位号 状态 备注
1 1305634   213056342   第一样本阅览室/ [索取号:B82-095.61/1882] 在馆    
2 1305635   213056351   第一借阅区/ [索取号:B82-095.61/1882] 在馆    
3 1305636   213056360   第一借阅区/ [索取号:B82-095.61/1882] 在馆    
4 1305637   213056379   第一借阅区/ [索取号:B82-095.61/1882] 在馆    
唐山师范学院图书馆 欢迎您!
大连网信软件有限公司© 版权所有